000 00585nam a2200229Ia 4500
003 OSt
005 20220918201123.0
006 a|||||r|||| 00| 0
007 ta
008 220917b |||||||| |||| 00| 0 eng d
024 _a91,826
037 _cTextual
040 _aARTS
_cARTS
_beng
041 _2eng
_aeng
082 _aV:71, J5-;1 (Y1D)
100 _aDikshit S K
_973023
245 0 _aIntroduction to archaeology
260 _c1955
650 _aARCHEOLOGY; HISTORY
_91499
942 _hV:71, J5-;1 (Y1D)
_cTEXL
_2CC
999 _c215483
_d215483